Celik mata & jiwa

Bibliographic Details
Main Author: Muhaya Mohamad
Format: Book
Published: Selangor : Assohwah Pub. Sdn. Bhd , 2012
Subjects:

MARC

LEADER 00000cam a2200000 7i4500
001 0000040143
005 20140312.0
008 140312
020 |a 9671036532 
090 0 0 |a 153.8   |b MUH 
100 0 |a Muhaya Mohamad 
245 1 0 |a Celik mata & jiwa   |c Prof Dr. Muhaya Hj Mohamad 
260 |a Selangor :   |b Assohwah Pub. Sdn. Bhd ,   |c 2012 
650 0 |a Motivation (Psychology) 
650 0 |a Motivation (Psychology)   |x Religious aspects 
999 |a 0001268593   |b Book   |c Adult Collection   |e Cawangan Tmn. Ungku Tun Aminah 
999 |a 0001268600   |b Book   |c Adult Collection   |e Cawangan Bandar Tenggara 
999 |a 0001268602   |b Book   |c Adult Collection   |e Cawangan Mersing 
999 |a 0001268606   |b Book   |c Adult Collection   |e Cawangan AEON Kulaijaya 
999 |a 0001279162   |b Book   |c Adult Collection   |e Perbadanan Perpustakaan Awam Johor